The history of modern epilepsy (Registro nro. 296523)

Detalles MARC
000 -ENCABEZADO
Número de control [NR] 00981cam a2200265Ma 4500
005 - FECHA Y HORA DE LA ÚLTIMA TRANSACCIÓN
control field 20180622105854.0
008 - DE LONGITUD FIJA DE DATOS DE ELEMENTOS - INFORMACIÓN GENERAL
Elementos de longitud fija [NR] 140905s2001 xxu fr 001 0 eng d
020 ## - NUMERO INTERNACIONAL NORMALIZADO PARA LIBROS [R]
Número Internacional Normalizado del libro [NR] 0313315892
020 ## - NUMERO INTERNACIONAL NORMALIZADO PARA LIBROS [R]
Número Internacional Normalizado del libro [NR] 9780313315893
040 ## - FUENTE DE CATALOGACION [NR]
Agencia de catalogación original [NR] CO-BoUCM
Idioma de catalogación [NR] spa
Quien Cataloga Jose A. Gerena
Quien Clasifica Jose A. Gerena
041 0# - CODIGO DE IDIOMA [R]
Código de idioma para texto/pista de sonido o título separado [R] Inglés
060 ## - SIGNATURA TOPOGRAFICA DE LA BIBLIOTECA NACIONAL DE MEDICINA (NLM) [R]
Número clasificador [R] WL 385
100 1# - ASIENTO PRINCIPAL--NOMBRE PERSONAL [NR]
Nombre personal [NR] Friedlander, Walter J.
ID Autoridad 64264
245 14 - MENCION DE TITULO [NR]
Título [NR] The history of modern epilepsy
Parte restante del título [NR] the beginning, 1865-1914
Mención de responsabilidad, etc. [NR] Walter J. Friedlander
260 ## - PUBLICACION, DISTRIBUCION, ETC. (PIE DE IMPRENTA) [R]
Lugar de publicación, distribución, etc. [R] Westport (Connecticut, Estados Unidos)
Nombre del editor, distribuidor, etc. [R] Greenwood Press
Fecha de publicación, distribución, etc. [R] 2001
300 ## - DESCRIPCION FISICA [R]
Extensión [R] x, 295 páginas
490 1# - MENCION DE SERIE [R]
Mención de serie [R] Contributions in medical studies
Designación numérica/secuencial del volumen [NR] 454
504 ## - NOTA DE BIBLIOGRAFIA, ETC. [R]
Nota de bibliografía, etc. [NR] Incluye referencias bibliográficas
650 #7 - ASIENTO SECUNDARIO DE MATERIA - TERMINO TEMATICO [R]
Término temático o nombre geográfico como elemento de entrada [NR] Epilepsia
Subdivisión general [R] Historia
9 (RLIN) 14669
650 #7 - ASIENTO SECUNDARIO DE MATERIA - TERMINO TEMATICO [R]
Término temático o nombre geográfico como elemento de entrada [NR] Enfermedades del sistema nervioso
Subdivisión general [R] Historia
9 (RLIN) 14383
650 #7 - ASIENTO SECUNDARIO DE MATERIA - TERMINO TEMATICO [R]
Término temático o nombre geográfico como elemento de entrada [NR] Epilepsia
Subdivisión general [R] Diagnóstico
-- Historia
9 (RLIN) 14669
650 #7 - ASIENTO SECUNDARIO DE MATERIA - TERMINO TEMATICO [R]
Término temático o nombre geográfico como elemento de entrada [NR] Epilepsia
Subdivisión general [R] Tratamiento
-- Historia
9 (RLIN) 14669
690 ## - ASUNTO AGREGADO LOCAL DE ENTRADA - TÉRMINO TEMÁTICO (OCLC, RLIN)
9 (RLIN) 42886
Acceso temático local Neurología
942 ## - ELEMENTOS DE ENTRADA AGREGADOS (KOHA)
Sistema de clasificación NLM
Tema principal Medicina
Tipo de ítem principal el descrito en 300a Libro
Edición 1
Clasificación WL 385
Parte restante de la signatura top. F911
Título oculto en OPAC No
Existencias
Fecha de último préstamo Total préstamos Signatura topográfica Código de barras Última vez visto Ejemplar Costo de reposición Price effective from Tipo de ítem Nota pública (OPAC) Perdido Sistema de clasificación Dañado No prestable Tipo de ítem específico Suprimido Ubicación habitual Ubicación actual Localización Fecha de creación Proveedor Forma de adquisición Costo
07/04/2016 4 WL 385 F911 200026561 12/12/2025 Ej.1 210233.00 04/09/2014 Libro Spot Historia de la Medicina   NLM     Libro   Quinta de Mutis Quinta de Mutis 3er piso 04/09/2014 19 Compra 210233.00